[Event "EU Small Countries blitz op 8th"]
[Site "St Helier"]
[Date "2023.11.02"]
[Round "2"]
[White "Antoniou, Rafail"]
[Black "Van Hoolandt, Patrick"]
[Result "1-0"]
[WhiteElo "1978"]
[BlackElo "1923"]
[PlyCount "212"]
[EventDate "2023.11.02"]
[EventType "swiss (blitz)"]
[EventRounds "11"]
[EventCountry "GCI"]
[SourceTitle "CB46_2023"]
[SourceDate "2023.11.15"]
[SourceVersion "1"]
[SourceVersionDate "2023.11.15"]
[SourceQuality "1"]

1. c4 Nf6 2. Nf3 e6 3. Nc3 d5 4. e3 b6 5. b3 Bb7 6. Bb2 c5 7. cxd5 Nxd5 8. Bb5+ Nc6 9. d4 Nxc3 10. Bxc3 a6 11. Bd3 b5 12. dxc5 Bxc5 13. Qc2 Nb4 14. Bxb4 Bxb4+ 15. Ke2 Rc8 16. Qd1 0-0 17. Rc1 Qf6 18. Rxc8 Rxc8 19. Qa1 Bc3 20. Qb1 h6 21. Rc1 b4 22. Be4 Qe7 23. Kf1 a5 24. g3 Ba6+ 25. Kg2 f5 26. Bd3 Bb7 27. Be2 g5 28. Kg1 Be4 29. Rc2 Qb7 30. Qd1 Bxc2 31. Qxc2 Qd5 32. Nd4 Kf7 33. Bc4 Rxc4 34. bxc4 Qxc4 35. Qa4 Bxd4 36. exd4 Qxd4 37. Kg2 Qd5+ 38. Kg1 g4 39. Qc2 Kg6 40. Qe2 a4 41. Qb2 b3 42. axb3 axb3 43. Qh8 Qd1+ 44. Kg2 Qf3+ 45. Kg1 Qd1+ 46. Kg2 Qd5+ 47. Kg1 Qb7 48. Qg8+ Kf6 49. Qh8+ Qg7 50. Qb8 Kg6 51. Qxb3 Qa1+ 52. Kg2 Qa8+ 53. Kg1 Qd5 54. Qb8 Qd1+ 55. Kg2 Qf3+ 56. Kg1 Qd1+ 57. Kg2 Qd7 58. Qg8+ Kf6 59. Qh8+ Qg7 60. Qc8 h5 61. h3 gxh3+ 62. Kxh3 Qg4+ 63. Kg2 Qe4+ 64. Kh2 Qf3 65. Qd8+ Ke5 66. Kg1 Qg4 67. Qh8+ Ke4 68. Qa8+ Kd4 69. Qa7+ Kd3 70. Qe3+ Kc2 71. Qxe6 Qd1+ 72. Kg2 Qg4 73. Qd5 Kc3 74. f3 Qg6 75. Kh3 Kc2 76. Kh4 Kc3 77. Qd8 Qc6 78. Qd1 Qg6 79. f4 Kc4 80. Qxh5 Qf6+ 81. Kh3 Kd3 82. Qd1+ Ke3 83. Qe1+ Kf3 84. Qf1+ Ke3 85. Kg2 Qb2+ 86. Kh3 Qh8+ 87. Kg2 Qb2+ 88. Kg1 Qb4 89. Qf2+ Ke4 90. Qe2+ Kd5 91. Qe5+ Kc6 92. Qe6+ Kc7 93. Qf7+ Kc6 94. Qxf5 Qe1+ 95. Kg2 Qe2+ 96. Kh3 Qf1+ 97. Kg4 Qe2+ 98. Kg5 Qh2 99. g4 Kd6 100. Qf6+ Kd7 101. Qe5 Qd2 102. Kg6 Qg2 103. g5 Qc6+ 104. Qf6 Qf3 105. f5 Qh3 106. Kg7 Qh5 1-0

[Event "EU-ch Cities&Town op"]
[Site "Tornelo INT"]
[Date "2023.01.29"]
[Round "?"]
[White "Calin, Alexandru"]
[Black "Van Hoolandt, Patrick"]
[Result "1-0"]
[WhiteElo "2169"]
[BlackElo "2017"]
[PlyCount "87"]
[EventDate "2023.01.29"]
[EventType "team-swiss"]
[EventRounds "9"]
[EventCountry "NET"]
[SourceTitle "CBM 212 Extra"]
[Source "ChessBase"]
[SourceDate "2023.03.31"]
[SourceVersion "1"]
[SourceVersionDate "2023.03.31"]
[SourceQuality "1"]
[WhiteTeam "Iasi"]
[BlackTeam "Monte Carlo"]
[WhiteTeamCountry "ROU"]
[BlackTeamCountry "MNC"]

1. d4 Nf6 2. Bg5 e6 3. e4 h6 4. Bxf6 Qxf6 5. c3 d6 6. Bd3 g6 7. Ne2 Nd7 8. 0-0 c5 9. f4 Bg7 10. Nd2 0-0 11. f5 exf5 12. exf5 g5 13. Ne4 Qe7 14. Kh1 Nf6 15. N2g3 cxd4 16. cxd4 Nd5 17. Qb3 Nf4 18. Rae1 d5 19. Nc3 Qd8 20. Nce2 Nxd3 21. Qxd3 f6 22. Nc3 b6 23. Qf3 Ba6 24. Rg1 Bb7 25. Re6 Bc8 26. Re3 Bb7 27. Rge1 Rc8 28. Nh5 Rc4 29. Nxg7 Kxg7 30. Re7+ Rf7 31. Rxf7+ Kxf7 32. Qh5+ Kg7 33. Qg6+ Kh8 34. Qxh6+ Kg8 35. Qg6+ Kf8 36. Re6 Rc6 37. Qh6+ Kg8 38. Qg6+ Kf8 39. Re3 Bc8 40. Qh6+ Kg8 41. Qg6+ Kf8 42. Rh3 Ke7 43. Rh7+ Kd6 44. Nb5# 1-0

[Event "Seville op 48th"]
[Site "Seville"]
[Date "2023.01.14"]
[Round "2"]
[White "Van Hoolandt, Patrick"]
[Black "Fernandez Guillen, Ernesto J"]
[Result "0-1"]
[WhiteElo "2017"]
[BlackElo "2454"]
[PlyCount "98"]
[EventDate "2023.01.13"]
[EventType "swiss"]
[EventRounds "9"]
[EventCountry "ESP"]
[SourceTitle "CBM 212 Extra"]
[Source "ChessBase"]
[SourceDate "2023.03.31"]
[SourceVersion "1"]
[SourceVersionDate "2023.03.31"]
[SourceQuality "1"]

1. d4 Nf6 2. c4 g6 3. Nc3 d5 4. cxd5 Nxd5 5. e4 Nxc3 6. bxc3 Bg7 7. Bc4 0-0 8. Ne2 c5 9. 0-0 Nc6 10. Be3 Na5 11. Bd3 cxd4 12. cxd4 b6 13. Rc1 Bb7 14. Qd2 Qd7 15. Bh6 Bxh6 16. Qxh6 Rac8 17. Rxc8 Rxc8 18. Rc1 Rxc1+ 19. Qxc1 Qa4 20. Qc2 Qa3 21. d5 Qd6 22. h3 e6 23. dxe6 Qxe6 24. Nd4 Qf6 25. Nb5 Nc6 26. Qc3 Ne5 27. Bc2 a6 28. Nd4 Qd6 29. Ne2 Nd7 30. f3 Nc5 31. Qd4 Qc7 32. Bb3 Bc8 33. Nc3 Be6 34. Nd5 Bxd5 35. exd5 Qd6 36. Kf2 b5 37. h4 h5 38. g3 a5 39. f4 a4 40. Bc2 Ne6 41. Qd2 Qc5+ 42. Kg2 Nd4 43. Be4 f5 44. Bf3 Qc2 45. Qxc2 Nxc2 46. d6 Kf8 47. Bc6 Nd4 48. Bd7 a3 49. Kf2 b4 0-1

[Event "EU-ch Rapid"]
[Site "Katowice"]
[Date "2022.12.17"]
[Round "2"]
[White "Van Hoolandt, Patrick"]
[Black "Seo, Jung Min"]
[Result "0-1"]
[WhiteElo "2010"]
[BlackElo "2502"]
[PlyCount "66"]
[EventDate "2022.12.17"]
[EventType "swiss (rapid)"]
[EventRounds "11"]
[EventCountry "POL"]
[SourceTitle "CBM 211 Extra"]
[Source "ChessBase"]
[SourceDate "2023.01.31"]
[SourceVersion "1"]
[SourceVersionDate "2023.01.31"]
[SourceQuality "1"]

1. d4 Nf6 2. c4 g6 3. Nc3 Bg7 4. e4 d6 5. Nf3 0-0 6. Be3 Nc6 7. d5 Nb8 8. h3 c6 9. Be2 a6 10. 0-0 b5 11. dxc6 b4 12. Na4 Nxc6 13. Nb6 Rb8 14. Nxc8 Qxc8 15. Qc2 Nd7 16. Rac1 Qb7 17. b3 a5 18. Nd2 Nd4 19. Qd1 Nc5 20. f3 Ra8 21. Re1 a4 22. Rb1 e5 23. Bxd4 exd4 24. Nf1 axb3 25. axb3 Ra2 26. Bd3 Rfa8 27. Re2 R2a3 28. Reb2 Qe7 29. Qc2 Qg5 30. Rd1 Be5 31. Qd2 Qxd2 32. Rdxd2 Rxb3 33. g3 Rxb2 0-1

[Event "EU-ch Blitz"]
[Site "Katowice"]
[Date "2022.12.16"]
[Round "3"]
[White "Langheinrich, Ferenc"]
[Black "Van Hoolandt, Patrick"]
[Result "1-0"]
[WhiteElo "2381"]
[BlackElo "2010"]
[PlyCount "77"]
[EventDate "2022.12.16"]
[EventType "swiss (blitz)"]
[EventRounds "22"]
[EventCountry "POL"]
[SourceTitle "CBM 211 Extra"]
[Source "ChessBase"]
[SourceDate "2023.01.31"]
[SourceVersion "1"]
[SourceVersionDate "2023.01.31"]
[SourceQuality "1"]

1. e4 e5 2. Nf3 Nc6 3. Bb5 Nf6 4. 0-0 Nxe4 5. Re1 Nd6 6. Nxe5 Be7 7. Bd3 0-0 8. Nf3 Ne8 9. c4 d6 10. Nc3 Bg4 11. Nd5 Bf6 12. Be4 Nd4 13. h3 Bxf3 14. Bxf3 Nxf3+ 15. Qxf3 c6 16. Nxf6+ Nxf6 17. d3 Nd7 18. Bd2 Qf6 19. Qxf6 Nxf6 20. Bb4 c5 21. Bc3 Rfe8 22. g4 h6 23. f3 Kf8 24. Kf2 Nd7 25. f4 f6 26. Kf3 Rxe1 27. Rxe1 Kf7 28. b3 b6 29. d4 a6 30. dxc5 dxc5 31. Rd1 Ra7 32. Ke4 Nf8 33. Rd6 Ne6 34. Rxb6 a5 35. a4 Ke7 36. h4 Kf7 37. f5 Nf8 38. Rb5 Nd7 39. Rxa5 1-0

[Event "EU-ch Blitz"]
[Site "Katowice"]
[Date "2022.12.16"]
[Round "12"]
[White "Van Hoolandt, Patrick"]
[Black "Suder, Jakub"]
[Result "1/2-1/2"]
[WhiteElo "2010"]
[BlackElo "2244"]
[PlyCount "86"]
[EventDate "2022.12.16"]
[EventType "swiss (blitz)"]
[EventRounds "22"]
[EventCountry "POL"]
[SourceTitle "CBM 211 Extra"]
[Source "ChessBase"]
[SourceDate "2023.01.31"]
[SourceVersion "1"]
[SourceVersionDate "2023.01.31"]
[SourceQuality "1"]

1. d4 d5 2. c4 dxc4 3. e4 Nf6 4. e5 Nd5 5. Bxc4 Nb6 6. Bd3 Nc6 7. Ne2 Bg4 8. f3 Bh5 9. Nbc3 e6 10. a3 Be7 11. Be3 Bg6 12. Ne4 Nd5 13. Bf2 Qd7 14. Qc2 h6 15. 0-0 0-0 16. Rac1 a6 17. Rfd1 Rfd8 18. Qb3 Rab8 19. Nc5 Bxc5 20. Bxg6 Be7 21. Bb1 g6 22. Ng3 Kg7 23. Ne4 Nf4 24. Qe3 Nd5 25. Qd2 Qe8 26. Qc2 Rd7 27. Nc5 Bxc5 28. Qxc5 Qe7 29. Qc2 Rbd8 30. Qe4 f5 31. exf6+ Qxf6 32. Bh4 g5 33. Bg3 Kf8 34. Bf2 Nce7 35. Re1 Rd6 36. Bg3 Rc6 37. Rxc6 Nxc6 38. Qxe6 Qxe6 39. Rxe6 Nxd4 40. Rxh6 Ne2+ 41. Kf2 Nxg3 42. hxg3 Ke7 43. Be4 Nf6 1/2-1/2

[Event "Seville op 47th"]
[Site "Seville"]
[Date "2022.07.18"]
[Round "4"]
[White "Gomez Ledo, Roberto Carlos"]
[Black "Van Hoolandt, Patrick"]
[Result "1-0"]
[WhiteElo "2469"]
[BlackElo "2044"]
[PlyCount "101"]
[EventDate "2022.07.16"]
[EventType "swiss"]
[EventRounds "9"]
[EventCountry "ESP"]
[SourceTitle "CBM 209 Extra"]
[Source "ChessBase"]
[SourceDate "2022.09.30"]
[SourceVersion "1"]
[SourceVersionDate "2022.09.30"]
[SourceQuality "1"]

1. Nf3 d5 2. b3 Bg4 3. Bb2 Bxf3 4. exf3 Nd7 5. f4 e6 6. g3 Ngf6 7. Bg2 g6 8. 0-0 Bg7 9. d3 0-0 10. Nd2 b5 11. Nf3 c5 12. c4 Qb6 13. Ne5 Rfd8 14. Qe2 Rac8 15. Rab1 a5 16. a4 b4 17. Rbd1 d4 18. Rde1 Nxe5 19. fxe5 Nd7 20. f4 Rf8 21. Qg4 Rce8 22. Re2 Nb8 23. Qf3 Nd7 24. Bc1 Kh8 25. Bd2 Qc7 26. Bh3 Rg8 27. Be1 Ref8 28. Kh1 Qd8 29. Bf2 Qa8 30. Re4 Re8 31. Bg2 Qd8 32. Rfe1 Qc7 33. g4 Qd8 34. Bg3 Qb6 35. R4e2 Qd8 36. h4 Qb8 37. h5 Bf8 38. Bh2 Qd8 39. Qh3 g5 40. Rf1 Bh6 41. fxg5 Bxg5 42. Rxf7 Ref8 43. Ref2 Be3 44. Be4 Rg7 45. Rxf8+ Nxf8 46. Rf6 Bg5 47. Rf1 Nd7 48. h6 Re7 49. Qh5 Qg8 50. Bg3 Nf8 51. Qxg5 1-0

[Event "Francophonie-chT Rapid"]
[Site "Tornelo INT"]
[Date "2022.06.04"]
[Round "6.1"]
[White "Rodrigue Lemieux, Shawn"]
[Black "Van Hoolandt, Patrick"]
[Result "1-0"]
[WhiteElo "2366"]
[BlackElo "2044"]
[PlyCount "61"]
[EventDate "2022.06.04"]
[EventType "team-swiss (rapid)"]
[EventRounds "11"]
[EventCountry "FRA"]
[SourceTitle "CBM 208 Extra"]
[Source "ChessBase"]
[SourceDate "2022.07.31"]
[SourceVersion "1"]
[SourceVersionDate "2022.07.31"]
[SourceQuality "1"]
[WhiteTeam "Quebec"]
[BlackTeam "Monaco"]
[WhiteTeamCountry "CAN"]
[BlackTeamCountry "MNC"]

1. c4 e5 2. g3 Nf6 3. Bg2 d5 4. cxd5 Nxd5 5. Nf3 Nc6 6. 0-0 Nb6 7. b3 Be7 8. Bb2 f6 9. Na3 0-0 10. Nc2 e4 11. Nfe1 Bf5 12. Ne3 Bg6 13. d3 exd3 14. Nxd3 Rb8 15. Rc1 Bd6 16. Nc5 Bxc5 17. Rxc5 Nd7 18. Rd5 Be8 19. Bh3 Rf7 20. Be6 Qe7 21. Bxf7+ Qxf7 22. Qd2 Nb6 23. Rd3 Qh5 24. Nd5 Nxd5 25. Rxd5 Qh3 26. Rd1 h5 27. Qf4 Bf7 28. Rd7 Be6 29. Rxg7+ Kxg7 30. Qxf6+ Kh7 31. Qg7# 1-0

[Event "Francophonie-chT Rapid"]
[Site "Tornelo INT"]
[Date "2022.06.04"]
[Round "1.7"]
[White "Van Hoolandt, Patrick"]
[Black "Koita, Idrissa"]
[Result "1-0"]
[WhiteElo "2044"]
[BlackElo "1611"]
[PlyCount "83"]
[EventDate "2022.06.04"]
[EventType "team-swiss (rapid)"]
[EventRounds "11"]
[EventCountry "FRA"]
[SourceTitle "CBM 208 Extra"]
[Source "ChessBase"]
[SourceDate "2022.07.31"]
[SourceVersion "1"]
[SourceVersionDate "2022.07.31"]
[SourceQuality "1"]
[WhiteTeam "Monaco"]
[BlackTeam "Burkina Faso"]
[WhiteTeamCountry "MNC"]
[BlackTeamCountry "BUR"]

1. d4 d5 2. c4 dxc4 3. e4 e6 4. Bxc4 Bb4+ 5. Nc3 Ne7 6. Nge2 0-0 7. 0-0 Bd7 8. a3 Ba5 9. b4 Bb6 10. Bb2 a6 11. Qd2 Ng6 12. f4 Kh8 13. Kh1 Ne7 14. Rad1 f5 15. e5 Bc6 16. d5 Ng6 17. dxc6 Qxd2 18. Rxd2 bxc6 19. Bxe6 c5 20. Bd5 cxb4 21. Bxa8 bxc3 22. Bxc3 Nd7 23. Bf3 Bc5 24. Rxd7 Bxa3 25. e6 c5 26. Bxg7+ Kg8 27. Bd5 Ne7 28. Bxf8 Kxf8 29. Rb1 c4 30. Rb8+ Kg7 31. Rxe7+ Bxe7 32. Rb7 Kf6 33. Bxc4 a5 34. Ng3 a4 35. Nh5+ Kg6 36. Rxe7 Kxh5 37. Rxh7+ Kg6 38. e7 Kxh7 39. e8Q a3 40. Qg8+ Kh6 41. Bf7 a2 42. Qg6# 1-0

[Event "EU-ch 22nd"]
[Site "Terme Catez"]
[Date "2022.04.05"]
[Round "10"]
[White "Van Hoolandt, Patrick"]
[Black "Borisek, Anze"]
[Result "1-0"]
[WhiteElo "2065"]
[BlackElo "1905"]
[PlyCount "59"]
[EventDate "2022.03.27"]
[EventType "swiss"]
[EventRounds "11"]
[EventCountry "SLO"]
[SourceTitle "CBM 208"]
[Source "ChessBase"]
[SourceDate "2022.06.30"]
[SourceVersion "1"]
[SourceVersionDate "2022.06.30"]
[SourceQuality "1"]

1. d4 f5 2. Nf3 Nf6 3. c4 e6 4. Nc3 c6 5. Bf4 d5 6. e3 Bd6 7. Qc2 0-0 8. Bd3 Ne4 9. 0-0 b6 10. Rfd1 Qe7 11. Rac1 Bb7 12. Bxd6 Qxd6 13. cxd5 exd5 14. Ne5 Nd7 15. f3 Nxc3 16. Qxc3 Rac8 17. b4 c5 18. bxc5 bxc5 19. Nxd7 cxd4 20. Qxd4 Qxd7 21. Qxa7 Ra8 22. Qb6 Rf6 23. Qc7 Qxc7 24. Rxc7 Rb6 25. Rb1 Rxb1+ 26. Bxb1 Bc8 27. Bc2 Be6 28. Bb3 h6 29. Re7 Ra6 30. Rxe6 1-0

[Event "EU-ch 22nd"]
[Site "Terme Catez"]
[Date "2022.04.02"]
[Round "7"]
[White "Tribushnaya, Olga"]
[Black "Van Hoolandt, Patrick"]
[Result "1-0"]
[WhiteElo "1716"]
[BlackElo "2065"]
[PlyCount "81"]
[EventDate "2022.03.27"]
[EventType "swiss"]
[EventRounds "11"]
[EventCountry "SLO"]
[SourceTitle "CBM 208"]
[Source "ChessBase"]
[SourceDate "2022.06.30"]
[SourceVersion "1"]
[SourceVersionDate "2022.06.30"]
[SourceQuality "1"]

1. e4 e5 2. Nf3 Nc6 3. Bb5 Nf6 4. 0-0 Nxe4 5. Re1 Nd6 6. Bxc6 dxc6 7. Nxe5 Be7 8. Qe2 Nf5 9. c3 0-0 10. d4 c5 11. dxc5 Bxc5 12. Bf4 Qh4 13. Nd3 Bb6 14. a4 a5 15. Na3 Be6 16. g3 Qh3 17. Qf1 Qxf1+ 18. Kxf1 Bb3 19. Re4 Rad8 20. Nc1 Rd1+ 21. Ke2 Rxc1 22. Rxc1 f6 23. Ke1 g5 24. g4 Nh4 25. Bg3 f5 26. gxf5 Nxf5 27. Nc4 Nd6 28. Nxd6 cxd6 29. Rg4 h6 30. h4 Rf5 31. hxg5 h5 32. Re4 Rxg5 33. Kd2 Rd5+ 34. Ke1 Kf7 35. c4 Rf5 36. Bxd6 Bxf2+ 37. Ke2 Bh4 38. Rxh4 Bxa4 39. Rf4 Ke6 40. Rxf5 Kxf5 41. Ra1 1-0

[Event "EU-ch 22nd"]
[Site "Terme Catez"]
[Date "2022.03.28"]
[Round "2"]
[White "Van Hoolandt, Patrick"]
[Black "Roebers, Eline"]
[Result "0-1"]
[WhiteElo "2065"]
[BlackElo "2331"]
[PlyCount "54"]
[EventDate "2022.03.27"]
[EventType "swiss"]
[EventRounds "11"]
[EventCountry "SLO"]
[SourceTitle "CBM 208"]
[Source "ChessBase"]
[SourceDate "2022.06.30"]
[SourceVersion "1"]
[SourceVersionDate "2022.06.30"]
[SourceQuality "1"]

1. d4 Nf6 2. c4 g6 3. Nc3 Bg7 4. e4 d6 5. Nf3 0-0 6. Be3 e5 7. dxe5 dxe5 8. Qc2 c6 9. h3 Qe7 10. a3 Nbd7 11. b4 a5 12. Rb1 axb4 13. axb4 Nh5 14. Be2 Nf4 15. 0-0 Ne6 16. Bd3 Rd8 17. Ne2 Ndf8 18. Bb6 Rd7 19. Be3 h6 20. c5 Ng5 21. Nd2 Ra3 22. Nc3 Nfe6 23. Nc4 Rxc3 24. Qxc3 Nf4 25. Rfd1 Rxd3 26. Qc2 Rc3 27. Qd2 Nf3+ 0-1

[Event "EU Small Countries ol 7th"]
[Site "Sliema"]
[Date "2021.12.04"]
[Round "9.4"]
[White "Thake, Conrad"]
[Black "Van Hoolandt, Patrick"]
[Result "0-1"]
[WhiteElo "1809"]
[BlackElo "2017"]
[PlyCount "90"]
[EventDate "2021.11.28"]
[EventType "team-tourn"]
[EventRounds "9"]
[EventCountry "MLT"]
[SourceTitle "EXT 2023"]
[Source "ChessBase"]
[SourceDate "2022.10.05"]
[SourceVersion "1"]
[SourceVersionDate "2022.10.05"]
[SourceQuality "1"]
[WhiteTeam "Liechtenstein"]
[BlackTeam "Monaco"]
[WhiteTeamCountry "LIE"]
[BlackTeamCountry "MNC"]

1. c4 e5 2. Nc3 Nf6 3. d3 d5 4. cxd5 Nxd5 5. Nf3 Nc6 6. g3 Nb6 7. Bg2 Be7 8. 0-0 0-0 9. a3 Be6 10. Be3 f5 11. b4 Bf6 12. Rc1 Nd4 13. Bxd4 exd4 14. Na4 Qe7 15. Nc5 Bd5 16. Re1 Qf7 17. Qd2 Rad8 18. Qf4 g6 19. h4 Rfe8 20. h5 c6 21. hxg6 hxg6 22. a4 Nc8 23. Ng5 Qe7 24. Bxd5+ Rxd5 25. Nce6 Rd6 26. e4 Rxe6 27. Nxe6 Qxe6 28. Kg2 Qd6 29. exf5 Rxe1 30. Rxe1 Qxf4 31. gxf4 Ne7 32. fxg6 Kg7 33. Kf3 Kxg6 34. Ke4 Nd5 35. f5+ Kf7 36. b5 Nc3+ 37. Kf4 cxb5 38. axb5 Nxb5 39. Rb1 a6 40. Rh1 Nd6 41. Rh7+ Ke8 42. Rh6 Bg5+ 43. Kxg5 Nf7+ 44. Kg6 Nxh6 45. Kxh6 Kf7 0-1

[Event "EU Small Countries ol 7th"]
[Site "Sliema"]
[Date "2021.12.03"]
[Round "8.2"]
[White "Van Hoolandt, Patrick"]
[Black "Ribera Veganzones, Serni"]
[Result "1/2-1/2"]
[WhiteElo "2017"]
[BlackElo "2070"]
[PlyCount "62"]
[EventDate "2021.11.28"]
[EventType "team-tourn"]
[EventRounds "9"]
[EventCountry "MLT"]
[SourceTitle "CBM 205 Extra"]
[Source "ChessBase"]
[SourceDate "2022.01.31"]
[SourceVersion "1"]
[SourceVersionDate "2022.01.31"]
[SourceQuality "1"]
[WhiteTeam "Monaco"]
[BlackTeam "Andorra"]
[WhiteTeamCountry "MNC"]
[BlackTeamCountry "AND"]

1. d4 Nf6 2. c4 e6 3. Nf3 Bb4+ 4. Bd2 c5 5. Bxb4 cxb4 6. g3 0-0 7. Bg2 d6 8. Nbd2 a5 9. a3 bxa3 10. bxa3 Qe7 11. Nf1 e5 12. Ne3 e4 13. Nd2 Re8 14. Qc2 Nc6 15. Qc3 a4 16. 0-0 Na5 17. Rfb1 Bd7 18. Rb6 Rec8 19. Qb4 Nc6 20. Qb2 Na5 21. Qb4 Nc6 22. Qb2 Na5 23. Qb1 Re8 24. Qb4 Nc6 25. Qc3 Na5 26. Rf1 Rec8 27. Qb4 Nc6 28. Qb2 Na5 29. h3 h5 30. Qb4 Nc6 31. Qb2 Na5 1/2-1/2

[Event "EU-ch 21st"]
[Site "Reykjavik"]
[Date "2021.09.02"]
[Round "8"]
[White "Unuk, Laura"]
[Black "Van Hoolandt, Patrick"]
[Result "0-1"]
[WhiteElo "2407"]
[BlackElo "2010"]
[PlyCount "68"]
[EventDate "2021.08.26"]
[EventType "swiss"]
[EventRounds "11"]
[EventCountry "ISL"]
[SourceTitle "CBM 204"]
[Source "ChessBase"]
[SourceDate "2021.10.31"]
[SourceVersion "1"]
[SourceVersionDate "2021.10.31"]
[SourceQuality "1"]

1. d4 Nf6 2. c4 e6 3. Nf3 d5 4. g3 dxc4 5. Bg2 Bb4+ 6. Bd2 a5 7. Qc2 Bxd2+ 8. Qxd2 c6 9. a4 Ne4 10. Qf4 Qb6 11. 0-0 Qxb2 12. Ra3 Nf6 13. Ne5 0-0 14. Nxc4 Qxe2 15. Nb6 Ra6 16. Rb3 Rxb6 17. Rxb6 Nd5 18. Bxd5 exd5 19. Nc3 Qd3 20. Qe3 Qf5 21. Re1 Nd7 22. Rb2 h5 23. f3 Qf6 24. Ne2 Nb8 25. Ra2 Na6 26. Nf4 Qf5 27. Rae2 Nb4 28. Qc3 h4 29. Qc5 Be6 30. Re5 Qf6 31. R1e2 hxg3 32. hxg3 g5 33. Nxe6 fxe6 34. Rxe6 Qf5 0-1

[Event "EU-ch 21st"]
[Site "Reykjavik"]
[Date "2021.08.31"]
[Round "6"]
[White "Van Hoolandt, Patrick"]
[Black "Omarsson, Josef"]
[Result "1-0"]
[WhiteElo "2010"]
[BlackElo "1211"]
[PlyCount "65"]
[EventDate "2021.08.26"]
[EventType "swiss"]
[EventRounds "11"]
[EventCountry "ISL"]
[SourceTitle "CBM 204"]
[Source "ChessBase"]
[SourceDate "2021.10.31"]
[SourceVersion "1"]
[SourceVersionDate "2021.10.31"]
[SourceQuality "1"]

1. d4 Nf6 2. c4 g6 3. Nc3 Bg7 4. e4 d6 5. Nf3 0-0 6. Be3 c5 7. h3 Nbd7 8. d5 Qa5 9. Bd3 Qb4 10. a3 Qa5 11. 0-0 Nb6 12. Qc2 Bd7 13. b4 Qa6 14. bxc5 Na4 15. Nxa4 Bxa4 16. Qe2 Nxe4 17. Bxe4 Bxa1 18. Rxa1 dxc5 19. Bxc5 Rfc8 20. Bxe7 Qxc4 21. Qe3 f5 22. Bxf5 gxf5 23. Qg5+ Kf7 24. Ne5+ Ke8 25. Nxc4 Rxc4 26. Qg8+ Kd7 27. Qxa8 Kxe7 28. Re1+ Kd6 29. Qxb7 Kc5 30. Re6 Rd4 31. Ra6 Bb5 32. Ra5 a6 33. Qc6# 1-0

[Event "Seville op 46th"]
[Site "Seville"]
[Date "2021.07.03"]
[Round "4"]
[White "Van Hoolandt, Patrick"]
[Black "Valenzuela Gomez, Fernando Alberto"]
[Result "1/2-1/2"]
[WhiteElo "2021"]
[BlackElo "2384"]
[PlyCount "91"]
[EventDate "2021.06.30"]
[EventType "swiss"]
[EventRounds "7"]
[EventCountry "ESP"]
[SourceTitle "CBM 203 Extra"]
[Source "ChessBase"]
[SourceDate "2021.09.30"]
[SourceVersion "1"]
[SourceVersionDate "2021.09.30"]
[SourceQuality "1"]

1. d4 Nf6 2. c4 e6 3. Nf3 b6 4. g3 Bb7 5. Bg2 Bb4+ 6. Bd2 a5 7. 0-0 0-0 8. Nc3 Bxc3 9. Bxc3 d6 10. Rc1 Nbd7 11. e3 Qb8 12. Nd2 Bxg2 13. Kxg2 b5 14. cxb5 Qxb5 15. e4 Rfb8 16. Re1 Nb6 17. d5 e5 18. Qe2 Na4 19. b3 Nc5 20. Qxb5 Rxb5 21. Re3 Nfd7 22. f4 f6 23. Nc4 Nb7 24. Bd2 Rc5 25. Rec3 exf4 26. gxf4 Re8 27. Be3 Rxe4 28. Bxc5 Nbxc5 29. Kf3 Rd4 30. Ne3 g5 31. Rc4 Rxf4+ 32. Rxf4 Ne5+ 33. Ke2 gxf4 34. Rg1+ Kf8 35. Nc4 Ned3 36. a3 f3+ 37. Kxf3 Nxb3 38. Ke3 Ne5 39. Nxe5 fxe5 40. Ke4 Kf7 41. Rg3 Nc5+ 42. Kf5 Na4 43. Rh3 Kg7 44. Rg3+ Kf7 45. Rh3 Kg7 46. Rg3+ 1/2-1/2

[Event "Mediterranean-ch 11th"]
[Site "Petrovac"]
[Date "2021.06.21"]
[Round "4"]
[White "Van Hoolandt, Patrick"]
[Black "Eizaguerri Floris, Maria"]
[Result "0-1"]
[WhiteElo "2021"]
[BlackElo "2308"]
[PlyCount "80"]
[EventDate "2021.06.19"]
[EventType "swiss"]
[EventRounds "9"]
[EventCountry "MNE"]
[SourceTitle "CBM 203 Extra"]
[Source "ChessBase"]
[SourceDate "2021.09.30"]
[SourceVersion "1"]
[SourceVersionDate "2021.09.30"]
[SourceQuality "1"]

1. d4 d5 2. c4 e6 3. Nf3 Nf6 4. Nc3 c6 5. cxd5 exd5 6. Qc2 Be7 7. Bg5 Nbd7 8. e3 Nh5 9. Bxe7 Qxe7 10. Be2 g6 11. 0-0 0-0 12. Nd2 Ng7 13. Bd3 Nb6 14. Rab1 Bf5 15. b4 a6 16. Ne2 Bxd3 17. Qxd3 Nf5 18. Nf4 Nd6 19. Rfe1 f5 20. Qc3 Nbc4 21. Nxc4 Nxc4 22. a4 Qd6 23. Nd3 Rae8 24. b5 axb5 25. axb5 Na3 26. Qb4 Qxb4 27. Rxb4 Nc2 28. Rc1 Nxb4 29. Nxb4 f4 30. bxc6 bxc6 31. exf4 Rxf4 32. Nxc6 Kg7 33. g3 Rfe4 34. Rc2 Rc8 35. Rc5 Kf6 36. Na7 Rxc5 37. dxc5 d4 38. c6 d3 39. Nb5 d2 40. Nc3 d1Q+ 0-1

[Event "Mediterranean-ch 11th"]
[Site "Petrovac"]
[Date "2021.06.20"]
[Round "2"]
[White "Van Hoolandt, Patrick"]
[Black "Demir, Hilmi Mustafa"]
[Result "1/2-1/2"]
[WhiteElo "2021"]
[BlackElo "1752"]
[PlyCount "36"]
[EventDate "2021.06.19"]
[EventType "swiss"]
[EventRounds "9"]
[EventCountry "MNE"]
[SourceTitle "CBM 203 Extra"]
[Source "ChessBase"]
[SourceDate "2021.09.30"]
[SourceVersion "1"]
[SourceVersionDate "2021.09.30"]
[SourceQuality "1"]

1. d4 d5 2. c4 c6 3. Nf3 Nf6 4. cxd5 cxd5 5. Nc3 Nc6 6. Bf4 Ne4 7. e3 Nxc3 8. bxc3 g6 9. Ne5 Bg7 10. Nxc6 bxc6 11. Qa4 0-0 12. Be2 e5 13. Bg3 exd4 14. cxd4 c5 15. 0-0 cxd4 16. exd4 Qb6 17. Rfd1 Bf5 18. Be5 Rfc8 1/2-1/2

[Event "EU-Cup Online Gr-I"]
[Site "Tornelo INT"]
[Date "2021.03.28"]
[Round "5.3"]
[White "Polak, Tomas"]
[Black "Van Hoolandt, Patrick"]
[Result "1-0"]
[WhiteElo "2553"]
[BlackElo "2017"]
[PlyCount "59"]
[EventDate "2021.03.27"]
[EventType "team-tourn (rapid)"]
[EventRounds "9"]
[EventCountry "NET"]
[SourceTitle "CBM 201 Extra"]
[Source "ChessBase"]
[SourceDate "2021.05.31"]
[SourceVersion "1"]
[SourceVersionDate "2021.05.31"]
[SourceQuality "1"]
[WhiteTeam "Brno Moravska Slavia"]
[BlackTeam "Monte Carlo II"]
[WhiteTeamCountry "CZE"]
[BlackTeamCountry "MNC"]

1. d4 Nf6 2. c4 e6 3. Nc3 Bb4 4. f3 d5 5. a3 Bxc3+ 6. bxc3 0-0 7. e3 c5 8. cxd5 Nxd5 9. Qd2 f5 10. Nh3 Nc6 11. Bc4 Qh4+ 12. Nf2 Nf6 13. 0-0 Rd8 14. Qe2 Kh8 15. Nd3 cxd4 16. cxd4 Nxd4 17. exd4 Qxd4+ 18. Nf2 Qxa1 19. Bb2 Qxf1+ 20. Kxf1 b5 21. Bxb5 Rb8 22. Be5 Rb7 23. g3 Rd5 24. a4 Nd7 25. Bc3 e5 26. Nd3 e4 27. Nf4 Rc5 28. Qd2 Rbc7 29. Nd5 e3 30. Qxe3 1-0